000 00297nam a22001217a 4500
020 _a0-600-331458
082 _a355.0203 ENC'S
100 _aSALOMANDER
_976627
245 _aTHE ENCYCLOPEDIA OF LAND WARFARE IN THE 20TH CENTURY
260 _aLONDON
_bSPRING
_c1977
300 _a248P
942 _cBK
999 _c581973
_d581973